Statistieken voor 10 Grootste en Kleinste Landen van Europa

Klik hier om de quiz te nemen!

Algemene statistieken

  • Deze quiz is 775 keer genomen
  • De gemiddelde score is 18 van 20

Antwoordstatistieken

Km^2Land% Correct
3.960.000Rusland
98%
357.168Duitsland
95%
0,44Vaticaanstad
95%
551.500Frankrijk
95%
505.992Spanje
93%
160Liechtenstein
93%
2.586Luxemburg
93%
1,95Monaco
93%
450.295Zweden
91%
323.802Noorwegen
90%
468Andorra
90%
312.685Polen
89%
301.336Italië
89%
61San Marino
89%
338.145Finland
89%
603.500Oekraïne
86%
316Malta
82%
10.887Kosovo
78%
13.812Montenegro
74%
14.738Slovenië
64%

Scoreverdeling

Percentiel versus Aantal Correcte Antwoorden

Procent van Mensen met Elke Score

Uw Scoregeschiedenis

U heeft deze quiz nog niet genomen